| 000 | 00420nam a22001697a 4500 | ||
|---|---|---|---|
| 003 | CEME | ||
| 005 | 20210628205705.0 | ||
| 008 | 210315b xxu||||| |||| 00| 0 eng d | ||
| 040 | _c. | ||
| 082 | _a297 HOS | ||
| 100 |
_aHossein Nasr, Seyyed _976669 |
||
| 245 | _aIdeals and realities of islam | ||
| 260 |
_aLAHORE _bSOHAIL SCADEMY _c1999 |
||
| 300 | _a190P | ||
| 650 |
_aREALITIES OF ISLAM _976670 |
||
| 942 |
_cBK _2ddc |
||
| 999 |
_c582024 _d582024 |
||